000 00626nam a2200229Ia 4500
003 OSt
005 20220928112052.0
006 a|||||r|||| 00| 0
007 ta
008 220927b |||||||| |||| 00| 0 eng d
024 _a44246
037 _cTextual
040 _aSDCL
_cSDCL
_beng
041 _2eng
_aeng
082 _aX61.1,n, P3
100 _aVreeland James Raymond
_9426111
245 0 _aIMF and economic development.
260 _aCambridge
_bCambridge University Press
_c2003
300 _aix,203p
_ccm.
942 _hX61.1,n, P3
_cTEXL
_2CC
999 _c743115
_d743115